<?xml version="1.0" encoding="UTF-8"?>
<collection xmlns="http://www.loc.gov/MARC21/slim">
  <record>
    <leader>00000nam  2200000   4500</leader>
    <controlfield tag="001">INLIS000000000016743</controlfield>
    <controlfield tag="005">20240126033855</controlfield>
    <datafield tag="035" ind1="#" ind2="#">
      <subfield code="a">0010-0124000060</subfield>
    </datafield>
    <controlfield tag="007">ta</controlfield>
    <controlfield tag="008">240126################|##########|#|##</controlfield>
    <datafield tag="084" ind1="#" ind2="#">
      <subfield code="a">R 106 LATSAR 2021</subfield>
    </datafield>
    <datafield tag="100" ind1=" " ind2="#">
      <subfield code="a">Dita Kurniati</subfield>
    </datafield>
    <datafield tag="245" ind1="1" ind2="#">
      <subfield code="a">Monitoring Rekap Surat Pertanggung Jawaban (SPJ) Kegiatan Realisasi Anggaran Berbasis Google Spreadsheet di Bawaslu Provinsi Banten /</subfield>
      <subfield code="c">Dita Kurniati</subfield>
    </datafield>
    <datafield tag="260" ind1="#" ind2="#">
      <subfield code="a">Jakarta :</subfield>
      <subfield code="b">Pusbangkom Pimnas dan Manajerial ASN,</subfield>
      <subfield code="c">2022</subfield>
    </datafield>
    <datafield tag="300" ind1="#" ind2="#">
      <subfield code="a">100 halaman ;</subfield>
      <subfield code="c">30 cm</subfield>
    </datafield>
    <datafield tag="650" ind1="#" ind2="4">
      <subfield code="a">Monitoring surat</subfield>
    </datafield>
    <datafield tag="520" ind1="#" ind2="#">
      <subfield code="a">Kemajuan bangsa ini ditandai dengan tersediannya beberapa situs dan aplikasi bagi pengelola keuangan untuk melaporkan pertanggungjawaban atas kegiatan  realisasi anggaran. Belum adanya sistem terintegrasi untuk memonitoring SPJ serta efektifitas dalam proses pencarian data maka dibutuhkan suatu sistem pengelolaan berbasis internet seperti Google Spreadsheet.</subfield>
    </datafield>
    <datafield tag="856" ind1="#" ind2="#">
      <subfield code="a">Perpustakaan LAN Pusat</subfield>
    </datafield>
    <datafield tag="990" ind1="#" ind2="#">
      <subfield code="a">23.11.106</subfield>
    </datafield>
  </record>
</collection>
